000 00776 a2200205 4500
005 20080911163746.0
008 080911t xxu||||| |||| 00| 0 eng d
010 _aENG-87729
020 _c190.00
035 _aEN-71262
037 _bDBAD / PUB
082 _a954.31
245 _aA manual of the Pudukkottai state
_cedited by K.R. Venkatarama Ayyar
250 _a2nd rev. ed.
260 _aChennai
_bGovernment Museums
_c2004
270 _aDirectorate of Museums, Government of Tamil Nadu
300 _avol 1 (xiii, 518 p.)
_c24 cm (pbk)
942 _adpl
_cEN
_k954.31/AMA
_2ddc
_h954.31
_mAMA
999 _c6881
_d6881